000 00894nam a2200193 i 4500
001 26225
003 ES-MaACL
005 20230906153415.0
007 t|
008 030108s1844 sp ||||1| spa d
100 1 _aAlonso y Castillo, Mariano.
_9143780
245 1 0 _aEsposición [sic] que para conseguir el ornato público de Granada, en la construcción de casas y rifas de ellas, poniendo en circulación metálico, y ocupando muchos brazos de distintos artistas y jornaleros /
_chace a S.M. la Reina (Q.D.G.)... Don Mariano Alonso.
260 _aGranada :
_b[s.n.,
_c1844] (
_fImp. de Benavides)
300 _a15 p. ;
_c20 cm.
530 _aDisponible en formato digital.
651 4 _aGranada-
_xEdificios, estructuras, etc.
_9156486
852 4 _aES-MaACL
_jT-6-F-18
856 4 _uhttp://hdl.handle.net/10481/51785
_zIlíberis: fondo bibliográfico histórico de la Universidad de Granada
999 _c26225
_d26225